Statistics for Groups of Countries By Bordering Sea #1

Click here to take the quiz!

General Stats

  • This quiz has been taken 1,189 times
    (748 since last reset)
  • The average score is 31 of 33

Answer Stats

SeaCountry% Correct
North SeaUnited Kingdom
99%
Black Sea, Sea of JapanRussia
98%
North SeaDenmark
97%
Persian GulfIran
97%
Sea of JapanJapan
97%
North SeaNorway
97%
Red Sea, Persian GulfSaudi Arabia
97%
Red SeaEgypt
96%
Persian GulfIraq
96%
North SeaNetherlands
96%
Persian GulfOman
96%
Sea of JapanSouth Korea
96%
Red SeaYemen
96%
North SeaBelgium
95%
North SeaGermany
95%
Sea of JapanNorth Korea
95%
Black SeaTurkey
95%
North SeaFrance
94%
Red SeaIsrael
94%
Persian GulfQatar
93%
Black SeaUkraine
93%
Persian GulfUnited Arab Emirates
93%
Persian GulfKuwait
92%
Persian GulfBahrain
91%
Black SeaRomania
91%
Black SeaBulgaria
90%
Red SeaJordan
90%
Red SeaEritrea
89%
Black SeaGeorgia
88%
Red SeaDjibouti
87%
Red SeaSudan
85%
Rio de La PlataArgentina
81%
Rio de La PlataUruguay
80%

Score Distribution

Percentile by Number Answered

Percent of People with Each Score

Your Score History

You have not taken this quiz since the last reset